00564nam a22001937a 450000500170000001000110001702000210002803500110004903700160006004000120007608200130008810000160010124500820011726000340019927000280023330000230026165000380028465000480032220170124110109.0 a702405 c00.00a241021553 a702405 bCen Lib/Ret aDPLbEN a921bBRO aBrown, Ivor aConan Doyle :cby Ivor Brownba biography of the creator of Sherlock Holmes / aLondonbHamish Hamiltonc1972 a90 Great StreetbLondon axi,145p.c22cm(Hb) aDoyle, Arthur Conan, -- 1859-1930 aDetective and mystery stories -- Authorship